000 00978cam a2200193 4500
001 WB3844-16
008 021127n2002 000 0 eng u
035 _a(Sirsi) u120591
245 _aReport shows popularity of 'gated communities'
260 _c2002
490 _aRICS Press Release
_v27 November 2002, (5)
520 _aRICS has published "Building balanced communities: the US and UK compared" which concludes 65% of 18-24 year olds believe 'gated communities' are desirable, compared to only 44% of over 65 year olds. Survey suggests young people are more concerned about crime and security than the old. Copies of report are available from t +44 (0)20 7334 3890 RICS Press Release www.rics.org/ricscms/bin/show?class=PressRelease&template=/includes/showpr.html&id=843&faculty=RICS
590 _aWB
650 _aGATED COMMUNITIES
650 _aSECURITY
650 _aCRIME
690 _aENVIRONMENTAL AND LAND CONSULTANCY-PLANNING AND DEVELOPMENT
942 _n0
999 _c71647
_d71647